| 000 | 00629nam a2200205Ia 4500 | ||
|---|---|---|---|
| 003 | GCL | ||
| 008 | 140319s9999 xx 000 0 ara d | ||
| 040 |
_aGCL / _cGCL |
||
| 082 | 0 | 4 |
_a320.956 _bا ا |
| 100 | 1 | _aاحمد بهاءالدين | |
| 245 | 1 | 0 |
_aاسرائيليات / _cاحمد بهاءالدين |
| 300 | _a257 ص | ||
| 490 |
_aكتاب الهلال _v0 |
||
| 650 | 0 | 4 | _aاسرائيل |
| 650 | 0 | 4 | _aالاسرائيليون |
| 650 | 0 | 4 | _aحرب السويس 1956 |
| 650 | 0 | 4 | _aالصهيونية واليهودية |
| 650 | 0 | 4 | _aمصر - تاريخ - العصر الحديث (1805 - 1956 ) |
| 942 |
_2ddc _cBK |
||
| 999 |
_c39462 _d39462 |
||